[Event "Monarch Assurance IoM U175 15th"]
[Site "Port Erin IOM"]
[Date "2006.09.25"]
[Round "1"]
[White "Flanagan, Samuel"]
[Black "Heath, Jeffrey"]
[Result "0-1"]
[WhiteElo "1520"]
[BlackElo "1688"]
[PlyCount "158"]
[EventDate "2006.09.25"]
[EventType "swiss"]
[EventRounds "7"]
[EventCountry "IOM"]

1. e4 c5 2. Nf3 Nc6 3. Bb5 Nd4 4. Nxd4 cxd4 5. O-O a6 6. Bc4 Qc7 7. d3 b5 8.
Bb3 e6 9. f4 Bb7 10. Nd2 Nf6 11. Nf3 Bc5 12. Ne5 O-O 13. Ng4 Ne8 14. Kh1 Be7
15. Nf2 Kh8 16. Nh3 f5 17. e5 g6 18. Qe2 Ng7 19. Ng1 Rac8 20. Bd2 Qd8 21. Nf3
Ne8 22. Nxd4 Qb6 23. Nf3 Bc5 24. c3 Nc7 25. d4 Be7 26. a3 Nd5 27. Bd1 Rc7 28.
Qe1 Qa7 29. Ng1 Nb6 30. Bf3 Nd5 31. Nh3 Qb8 32. Qe2 Nb6 33. Rae1 Nd5 34. Nf2
Bh4 35. Rd1 Rf7 36. Nd3 Be7 37. Be1 Qf8 38. Bd2 Qh6 39. g3 Qf8 40. Ne1 Qa8 41.
Ng2 Kg7 42. Bc1 Rf8 43. Ne3 Nxe3 44. Bxe3 Bd5 45. Bxd5 Qxd5+ 46. Qg2 Qxg2+ 47.
Kxg2 Rc4 48. Bf2 Rfc8 49. d5 Kf7 50. Rfe1 Ke8 51. Kf3 Bf8 52. Rd3 h6 53. Red1
g5 54. dxe6 g4+ 55. Kg2 dxe6 56. h3 h5 57. hxg4 hxg4 58. Rh1 Rd8 59. Rxd8+ Kxd8
60. Rh8 Ke8 61. Bd4 Rc6 62. Kf2 Kf7 63. Ke3 Kg7 64. Rh1 Kf7 65. Kd3 Ke8 66. Rh7
Be7 67. Kc2 Kd8 68. Kb3 Rc4 69. Rh8+ Kd7 70. Ra8 Rc6 71. Ra7+ Ke8 72. a4 bxa4+
73. Kxa4 Bd8 74. b4 Bc7 75. Bc5 Kd8 76. Ra8+ Kd7 77. Rf8 Bd8 78. Rf7+ Ke8 79.
Kb3 Kxf7 0-1

[Event "Monarch Assurance IoM U175 15th"]
[Site "Port Erin IOM"]
[Date "2006.09.25"]
[Round "1"]
[White "Hjort, Helge"]
[Black "Foster, Stephen"]
[Result "1-0"]
[WhiteElo "1888"]
[BlackElo "1648"]
[PlyCount "65"]
[EventDate "2006.09.25"]
[EventType "swiss"]
[EventRounds "7"]
[EventCountry "IOM"]

1. d4 d5 2. c4 e6 3. Nc3 c5 4. cxd5 exd5 5. Nf3 Nc6 6. e3 Nf6 7. Be2 Be7 8.
dxc5 Bxc5 9. O-O O-O 10. a3 Bf5 11. b4 Bb6 12. Nb5 Qe7 13. Nbd4 Bg4 14. Bb2
Rac8 15. h3 Bh5 16. Nf5 Qd8 17. Rc1 Re8 18. b5 Na5 19. Rxc8 Qxc8 20. Nd6 Qd8
21. Nxe8 Qxe8 22. Bxf6 gxf6 23. Qxd5 Bg6 24. Bd3 Bxd3 25. Qxd3 Qe6 26. Nd4 Qa2
27. Rc1 Qd5 28. Rc8+ Bd8 29. Qf5 Qd6 30. Qg4+ Kf8 31. Nf5 Qb6 32. Qb4+ Ke8 33.
Qe7# 1-0

[Event "Monarch Assurance IoM U175 15th"]
[Site "Port Erin IOM"]
[Date "2006.09.25"]
[Round "1"]
[White "Kearsley, Raymond J"]
[Black "Livesey, R Nigel"]
[Result "0-1"]
[WhiteElo "1640"]
[BlackElo "1768"]
[PlyCount "98"]
[EventDate "2006.09.25"]
[EventType "swiss"]
[EventRounds "7"]
[EventCountry "IOM"]

1. e4 Nf6 2. e5 Nd5 3. Nc3 Nxc3 4. dxc3 d6 5. Bf4 g6 6. Nf3 Bg7 7. exd6 cxd6 8.
Qd2 O-O 9. O-O-O Qa5 10. Kb1 Nc6 11. Nd4 Bd7 12. Bh6 Nxd4 13. Bxg7 Kxg7 14.
Qxd4+ Kg8 15. h4 Be6 16. Bc4 Bxc4 17. Qxc4 Rac8 18. Qd4 h6 19. g4 Qb5 20. Qe3
Kg7 21. f4 Rc7 22. Rd3 a5 23. Rg1 Qc5 24. Qg3 b5 25. f5 b4 26. Rgd1 Rb8 27. Ka1
a4 28. Qf4 bxc3 29. bxc3 a3 30. Qd4+ Qxd4 31. cxd4 Rxc2 32. Rxa3 gxf5 33. gxf5
Rf2 34. Re1 Rxf5 35. Rg3+ Kf6 36. a3 Rf4 37. d5 Rb5 38. Rge3 Rb7 39. Re4 Rxe4
40. Rxe4 Rb5 41. Rf4+ Kg7 42. Rd4 f5 43. a4 Rb8 44. Ka2 Kf6 45. Ka3 Ke5 46. Rb4
Rxb4 47. Kxb4 Kxd5 48. a5 Kc6 49. Kc4 f4 0-1

[Event "Monarch Assurance IoM U175 15th"]
[Site "Port Erin IOM"]
[Date "2006.09.25"]
[Round "1"]
[White "McBride, John A"]
[Black "Dickson, David I"]
[Result "1-0"]
[WhiteElo "1680"]
[BlackElo "1216"]
[PlyCount "79"]
[EventDate "2006.09.25"]
[EventType "swiss"]
[EventRounds "7"]
[EventCountry "IOM"]

1. d4 d5 2. c4 c6 3. cxd5 Qxd5 4. Nc3 Qd8 5. Bf4 e6 6. e3 Bb4 7. Bd3 h6 8. Nge2
Nf6 9. Qb3 Nd5 10. Bg3 a5 11. O-O Nxc3 12. Nxc3 Be7 13. Rac1 O-O 14. Rfd1 Nd7
15. e4 Bh4 16. d5 Bxg3 17. hxg3 Nc5 18. Qc4 Nxd3 19. Rxd3 exd5 20. exd5 cxd5
21. Nxd5 Qg5 22. Qc5 Bf5 23. Ne7+ Kh7 24. Qxf5+ Qxf5 25. Nxf5 Rfe8 26. Ne3 b5
27. Rc7 Kg6 28. Rdd7 Rf8 29. f4 Rac8 30. f5+ Kg5 31. Kf2 Rxc7 32. Rxc7 h5 33.
Rb7 b4 34. Ra7 Rd8 35. Ke2 Kf6 36. Rxa5 Rd4 37. Rb5 g5 38. fxg6 fxg6 39. Nd5+
Ke5 40. Nxb4+ 1-0

[Event "Monarch Assurance IoM U175 15th"]
[Site "Port Erin IOM"]
[Date "2006.09.25"]
[Round "1"]
[White "Price, Andrew"]
[Black "Smith, Paul S"]
[Result "0-1"]
[WhiteElo "1720"]
[BlackElo "1640"]
[PlyCount "130"]
[EventDate "2006.09.25"]
[EventType "swiss"]
[EventRounds "7"]
[EventCountry "IOM"]

1. e4 d5 2. exd5 Qxd5 3. Nc3 Qa5 4. Bc4 Nf6 5. d3 c6 6. Nf3 Bg4 7. Qe2 e6 8. h3
Bxf3 9. Qxf3 Bd6 10. Bd2 Qc7 11. O-O-O Nbd7 12. Rde1 O-O-O 13. Ne4 Nxe4 14.
Qxe4 Nf6 15. Qe3 Nd5 16. Qxa7 Bf4 17. Bxd5 Bxd2+ 18. Kxd2 cxd5 19. Qd4 g6 20.
a4 Rhe8 21. f4 Rd6 22. Qe5 h5 23. g4 hxg4 24. hxg4 Kd7 25. b3 Rc8 26. Rc1 Qc5
27. Rhf1 Rdc6 28. f5 Qb4+ 29. Kd1 Qxg4+ 30. Ke1 gxf5 31. c4 dxc4 32. dxc4 Ke7
33. Qc3 Qe4+ 34. Kf2 Qf4+ 35. Ke2 Qg4+ 36. Kf2 Qh4+ 37. Ke2 Qh2+ 38. Rf2 Qh5+
39. Kd2 Rd8+ 40. Kc2 Rd7 41. Qb4+ Kd8 42. Rg1 Qh8 43. Rfg2 Qe5 44. Re1 Qc5 45.
Qc3 Kc7 46. Re5 Qd4 47. Qa5+ Qb6 48. Qc3 Rc5 49. b4 Rxe5 50. Qxe5+ Qd6 51. Qa5+
Qb6 52. Qe5+ Kc8 53. b5 Qd6 54. Rg8+ Kc7 55. b6+ Kxb6 56. Qb5+ Kc7 57. Qa5+ b6
58. Qa7+ Kc6 59. Rc8+ Rc7 60. Qa8+ Kc5 61. Rd8 Qc6 62. Qa6 Kb4 63. Rd4 Qxa4+
64. Qxa4+ Kxa4 65. Kc3 Ka5 0-1

[Event "Monarch Assurance IoM U175 15th"]
[Site "Port Erin IOM"]
[Date "2006.09.25"]
[Round "1"]
[White "Twitchell, David"]
[Black "Nicolson, James R"]
[Result "1-0"]
[WhiteElo "1640"]
[BlackElo "1656"]
[PlyCount "55"]
[EventDate "2006.09.25"]
[EventType "swiss"]
[EventRounds "7"]
[EventCountry "IOM"]

1. e4 c5 2. d4 cxd4 3. c3 Nf6 4. e5 Nd5 5. Qxd4 e6 6. Bc4 Nc6 7. Qe4 d6 8. exd6
Qxd6 9. Nf3 Be7 10. O-O Nf6 11. Qe2 O-O 12. Rd1 Qc7 13. a4 Rd8 14. Rxd8+ Nxd8
15. Bg5 Bd7 16. Nbd2 Nc6 17. Bb3 Rd8 18. Nc4 Na5 19. Nxa5 Qxa5 20. Ne5 Bc8 21.
Re1 Nd5 22. Bxe7 Nxe7 23. Nxf7 Kxf7 24. Bxe6+ Kg6 25. Bxc8 Nxc8 26. Qe6+ Kg5
27. Re5+ Kh4 28. Qh3# 1-0

[Event "Monarch Assurance IoM U175 15th"]
[Site "Port Erin IOM"]
[Date "2006.09.26"]
[Round "2"]
[White "Dickson, David I"]
[Black "Kearsley, Raymond J"]
[Result "1-0"]
[WhiteElo "1216"]
[BlackElo "1640"]
[PlyCount "69"]
[EventDate "2006.09.25"]
[EventType "swiss"]
[EventRounds "7"]
[EventCountry "IOM"]

1. c4 Nf6 2. d4 g6 3. Nc3 d5 4. e3 Bg7 5. b4 O-O 6. Be2 b6 7. h3 Bb7 8. c5 bxc5
9. bxc5 Nc6 10. a3 e5 11. Rb1 Rb8 12. Nf3 exd4 13. exd4 Ne4 14. Na2 Qf6 15. Be3
Na5 16. O-O Nc4 17. Rb3 a5 18. a4 Qc6 19. Qc2 Qxa4 20. Nc3 Nxe3 21. fxe3 Qe8
22. Rfb1 Qc6 23. Bb5 Qe6 24. Ba4 Ng3 25. Nd1 Bh6 26. Qd2 Nf5 27. Kf2 Rfe8 28.
Bxe8 Rxe8 29. Ne5 Ba6 30. Qxa5 Nxe3 31. Nxe3 Bxe3+ 32. Rxe3 Qf5+ 33. Rf3 Qc2+
34. Kg3 Qxb1 35. Qxc7 1-0

[Event "Monarch Assurance IoM U175 15th"]
[Site "Port Erin IOM"]
[Date "2006.09.26"]
[Round "2"]
[White "Foster, Stephen"]
[Black "Couch, Douglas"]
[Result "1-0"]
[WhiteElo "1648"]
[BlackElo "1152"]
[PlyCount "103"]
[EventDate "2006.09.25"]
[EventType "swiss"]
[EventRounds "7"]
[EventCountry "IOM"]

1. Nf3 Nf6 2. g3 b6 3. Bg2 Bb7 4. O-O e6 5. c4 Be7 6. Nc3 O-O 7. b3 Re8 8. Bb2
d5 9. Ne5 c5 10. e3 Nbd7 11. f4 Nxe5 12. fxe5 Nd7 13. cxd5 exd5 14. d4 Bg5 15.
Qf3 Qe7 16. Rae1 cxd4 17. exd4 Rac8 18. Nxd5 Bxd5 19. Qxd5 Rc2 20. Ba3 Qe6 21.
Qxe6 fxe6 22. Rf2 Rxf2 23. Kxf2 Be7 24. Bxe7 Rxe7 25. Rc1 Nf8 26. Ke3 Kf7 27.
Rc8 Re8 28. Rxe8 Kxe8 29. Bc6+ Kd8 30. b4 Ng6 31. b5 Kc7 32. Be4 Nf8 33. h4 Kd7
34. h5 h6 35. Kd3 Kc7 36. Kc4 Nd7 37. Bc6 Nf8 38. d5 Kd8 39. dxe6 Nxe6 40. Kd5
Ke7 41. Ke4 Kf8 42. Bd7 Ke7 43. Bxe6 Kxe6 44. a3 Ke7 45. Kd5 Kd7 46. e6+ Ke7
47. Ke5 Ke8 48. Kd6 Kd8 49. e7+ Ke8 50. Ke6 a6 51. bxa6 b5 52. a7 1-0

[Event "Monarch Assurance IoM U175 15th"]
[Site "Port Erin IOM"]
[Date "2006.09.26"]
[Round "2"]
[White "Heath, Jeffrey"]
[Black "Twitchell, David"]
[Result "0-1"]
[WhiteElo "1688"]
[BlackElo "1640"]
[PlyCount "106"]
[EventDate "2006.09.25"]
[EventType "swiss"]
[EventRounds "7"]
[EventCountry "IOM"]

1. e4 e5 2. Bc4 Nf6 3. d3 d6 4. Nf3 Be7 5. Nc3 Nc6 6. h3 Na5 7. Qe2 Nxc4 8.
dxc4 O-O 9. O-O c6 10. Be3 Be6 11. Ng5 h6 12. Nf3 Qc7 13. Rfd1 Nh7 14. Nh2 f5
15. f3 Nf6 16. Bf2 Nh5 17. exf5 Nf4 18. Qf1 Bxf5 19. Ng4 Bxc2 20. Rd2 Bh7 21.
Ne3 Bf5 22. Nxf5 Rxf5 23. Kh2 Raf8 24. Rad1 R5f6 25. Ne2 Nh5 26. Nc3 Rg6 27.
Ne4 Nf4 28. Bg3 h5 29. Qe1 Qd8 30. h4 Rf7 31. Ng5 Bxg5 32. hxg5 Qxg5 33. Rxd6
Rxd6 34. Rxd6 h4 35. Bxf4 Qxf4+ 36. Kg1 Qg3 37. Qxg3 hxg3 38. Kf1 e4 39. Ke2
exf3+ 40. gxf3 Kh7 41. Rd4 Re7+ 42. Kf1 Re3 43. Rh4+ Kg8 44. Kg2 Re2+ 45. Kxg3
Rxb2 46. c5 Rxa2 47. Rb4 a5 48. Rxb7 Rc2 49. Rb6 Rxc5 50. Ra6 Kf7 51. Ra7+ Kf6
52. Kg4 Rc4+ 53. Kg3 a4 0-1

[Event "Monarch Assurance IoM U175 15th"]
[Site "Port Erin IOM"]
[Date "2006.09.26"]
[Round "2"]
[White "Kennedy, Philip J"]
[Black "Hjort, Helge"]
[Result "0-1"]
[WhiteElo "1656"]
[BlackElo "1888"]
[PlyCount "108"]
[EventDate "2006.09.25"]
[EventType "swiss"]
[EventRounds "7"]
[EventCountry "IOM"]

1. Nf3 Nf6 2. g3 b6 3. Bg2 Bb7 4. O-O e6 5. d3 d5 6. Nbd2 Nbd7 7. Re1 Be7 8. e3
O-O 9. Qe2 c5 10. e4 dxe4 11. dxe4 e5 12. b3 Re8 13. Bb2 Qc7 14. Rad1 a6 15. h3
b5 16. Nh2 Rac8 17. c4 Bc6 18. f3 Nf8 19. Nhf1 Ne6 20. Ne3 Nd4 21. Qf2 Bd6 22.
h4 Bd7 23. Kh2 Rb8 24. Bh3 Bxh3 25. Kxh3 Nd7 26. Bc3 Nf8 27. Ndf1 Nfe6 28. Kg2
b4 29. Ba1 Ra8 30. Nd5 Qb8 31. Nfe3 a5 32. Bxd4 cxd4 33. Nc2 Nc5 34. f4 exf4
35. gxf4 d3 36. Nd4 Nxe4 37. Qf3 Nc5 38. Nf5 Bf8 39. Qg4 Kh8 40. Rg1 Ra6 41. h5
g6 42. Kh1 Qc8 43. hxg6 fxg6 44. Nfe3 Qxg4 45. Rxg4 Rae6 46. Rg3 Bd6 47. Rf3
Rf8 48. f5 gxf5 49. Rxf5 Rh6+ 50. Kg1 Rg8+ 51. Kf1 Rh1+ 52. Kf2 Rh2+ 53. Kf1
Ne4 54. Rxd3 Ng3+ 0-1

[Event "Monarch Assurance IoM U175 15th"]
[Site "Port Erin IOM"]
[Date "2006.09.26"]
[Round "2"]
[White "Livesey, R Nigel"]
[Black "McBride, John A"]
[Result "1/2-1/2"]
[WhiteElo "1768"]
[BlackElo "1680"]
[PlyCount "82"]
[EventDate "2006.09.25"]
[EventType "swiss"]
[EventRounds "7"]
[EventCountry "IOM"]

1. d4 Nf6 2. Bf4 d5 3. e3 e6 4. Nd2 c5 5. c3 Nc6 6. Bd3 cxd4 7. exd4 Bd6 8. Bg3
O-O 9. Ngf3 Qc7 10. O-O Re8 11. Re1 Bxg3 12. hxg3 e5 13. dxe5 Nxe5 14. Nxe5
Rxe5 15. Qa4 Bd7 16. Qd4 Rxe1+ 17. Rxe1 Bc6 18. Nf3 a6 19. Qh4 Re8 20. Rxe8+
Bxe8 21. Qd4 h6 22. g4 Bd7 23. g5 hxg5 24. Nxg5 Be6 25. Bc2 b5 26. Bd3 Nd7 27.
Nxe6 fxe6 28. Qh4 Nf6 29. Qg5 e5 30. Bf5 d4 31. Be6+ Kf8 32. cxd4 exd4 33. Qd2
Qd6 34. Bf5 Qe5 35. Qc2 Ne8 36. Bd3 Nd6 37. b3 Qe1+ 38. Kh2 Qc3 39. Qe2 Qc7 40.
g3 Nf7 41. Qf3 Qd6 1/2-1/2

[Event "Monarch Assurance IoM U175 15th"]
[Site "Port Erin IOM"]
[Date "2006.09.26"]
[Round "2"]
[White "Nicolson, James R"]
[Black "Flanagan, Samuel"]
[Result "1/2-1/2"]
[WhiteElo "1656"]
[BlackElo "1520"]
[PlyCount "39"]
[EventDate "2006.09.25"]
[EventType "swiss"]
[EventRounds "7"]
[EventCountry "IOM"]

1. c4 e5 2. Nc3 Nc6 3. Nf3 f5 4. d4 e4 5. Bg5 Be7 6. Bxe7 Ncxe7 7. Nd2 Nf6 8.
e3 O-O 9. Be2 d6 10. O-O a6 11. f3 exf3 12. Bxf3 Rb8 13. Qb3 Kh8 14. Rae1 Bd7
15. e4 Nc6 16. Ne2 fxe4 17. Nxe4 Nxe4 18. Bxe4 Rxf1+ 19. Rxf1 Qe7 20. Qf3
1/2-1/2

[Event "Monarch Assurance IoM U175 15th"]
[Site "Port Erin IOM"]
[Date "2006.09.26"]
[Round "2"]
[White "Smith, Paul S"]
[Black "Burton, Nick"]
[Result "1/2-1/2"]
[WhiteElo "1640"]
[BlackElo "1696"]
[PlyCount "58"]
[EventDate "2006.09.25"]
[EventType "swiss"]
[EventRounds "7"]
[EventCountry "IOM"]

1. d4 Nf6 2. c4 g6 3. Nc3 Bg7 4. e4 d6 5. f3 O-O 6. Be3 c5 7. d5 a6 8. Qd2 e6
9. Bd3 exd5 10. cxd5 b5 11. Rc1 Re8 12. Nge2 Nbd7 13. O-O Ne5 14. b3 Nxd3 15.
Qxd3 Bd7 16. Nb1 b4 17. Nd2 Bb5 18. Nc4 Nd7 19. Qd2 Ne5 20. Rfd1 Bxc4 21. bxc4
a5 22. Rc2 a4 23. Rb2 Qa5 24. Nc1 Qa6 25. Qe2 Rab8 26. Nd3 Nxd3 27. Qxd3 Qb6
28. Re2 Rb7 29. Bc1 Bd4+ 1/2-1/2

[Event "Monarch Assurance IoM U175 15th"]
[Site "Port Erin IOM"]
[Date "2006.09.27"]
[Round "3"]
[White "Burton, Nick"]
[Black "Livesey, R Nigel"]
[Result "1/2-1/2"]
[WhiteElo "1696"]
[BlackElo "1768"]
[PlyCount "35"]
[EventDate "2006.09.25"]
[EventType "swiss"]
[EventRounds "7"]
[EventCountry "IOM"]

1. e4 c6 2. Nf3 d5 3. Nc3 dxe4 4. Nxe4 Bf5 5. Ng3 Bg6 6. h4 h6 7. Ne5 Bh7 8.
Bc4 e6 9. Qe2 Qc7 10. d4 Bd6 11. Bf4 Qe7 12. O-O-O Nf6 13. Rhe1 Bxe5 14. dxe5
Nd5 15. Bd2 Nd7 16. h5 N7b6 17. Bd3 Bxd3 18. Qxd3 1/2-1/2

[Event "Monarch Assurance IoM U175 15th"]
[Site "Port Erin IOM"]
[Date "2006.09.27"]
[Round "3"]
[White "Couch, Douglas"]
[Black "Beards, Christopher"]
[Result "0-1"]
[WhiteElo "1152"]
[BlackElo "1600"]
[PlyCount "32"]
[EventDate "2006.09.25"]
[EventType "swiss"]
[EventRounds "7"]
[EventCountry "IOM"]

1. e4 e5 2. Nf3 Nc6 3. Bb5 Nge7 4. O-O g6 5. Re1 Bg7 6. c3 O-O 7. d4 exd4 8.
cxd4 d5 9. e5 Bg4 10. Be3 Nf5 11. Bg5 Bxf3 12. Qxf3 Qxg5 13. Qxd5 Ncxd4 14. Bd3
c6 15. Qe4 Bxe5 16. Nd2 Qxd2 0-1

[Event "Monarch Assurance IoM U175 15th"]
[Site "Port Erin IOM"]
[Date "2006.09.27"]
[Round "3"]
[White "Dickson, David I"]
[Black "Heath, Jeffrey"]
[Result "1/2-1/2"]
[WhiteElo "1216"]
[BlackElo "1688"]
[PlyCount "77"]
[EventDate "2006.09.25"]
[EventType "swiss"]
[EventRounds "7"]
[EventCountry "IOM"]

1. c4 e5 2. a3 Nf6 3. Nc3 b6 4. e4 Bb7 5. d3 c6 6. Bg5 Be7 7. Nf3 d6 8. h3 Nd5
9. Bxe7 Nxe7 10. Be2 Nd7 11. O-O d5 12. cxd5 cxd5 13. b4 d4 14. Nb5 Nc8 15. Qc1
O-O 16. Nc7 Rb8 17. Ng5 Ne7 18. Nce6 fxe6 19. Nxe6 Qc8 20. Nxf8 Nxf8 21. Qxc8
Bxc8 22. Rac1 Rb7 23. Rc2 Ne6 24. Rfc1 Bd7 25. Bg4 Kf7 26. g3 g6 27. Bxe6+ Kxe6
28. Rc7 Rxc7 29. Rxc7 Nc8 30. f4 Kd6 31. Rc2 exf4 32. gxf4 Be6 33. h4 h5 34. b5
Ne7 35. Kg2 Bb3 36. Rb2 Be6 37. Rc2 Bb3 38. Rb2 Be6 39. Rc2 1/2-1/2

[Event "Monarch Assurance IoM U175 15th"]
[Site "Port Erin IOM"]
[Date "2006.09.27"]
[Round "3"]
[White "Hjort, Helge"]
[Black "Twitchell, David"]
[Result "1-0"]
[WhiteElo "1888"]
[BlackElo "1640"]
[PlyCount "93"]
[EventDate "2006.09.25"]
[EventType "swiss"]
[EventRounds "7"]
[EventCountry "IOM"]

1. d4 d5 2. c4 e6 3. Nc3 Nf6 4. Bg5 Be7 5. e3 O-O 6. Nf3 h6 7. Bh4 Ne4 8. Bxe7
Qxe7 9. Qc2 Nxc3 10. Qxc3 Nd7 11. cxd5 Nf6 12. dxe6 Bxe6 13. Bd3 Nd5 14. Qc5
Qxc5 15. dxc5 Nb4 16. Bb1 Na6 17. O-O Rad8 18. Rc1 Nxc5 19. Nd4 Na6 20. Bd3 c5
21. Nxe6 fxe6 22. Bxa6 bxa6 23. Rc2 Rd3 24. Rac1 e5 25. e4 g5 26. h3 h5 27.
Rxc5 Rd2 28. R1c2 Rfxf2 29. Rxd2 Rxd2 30. Rxe5 Rxb2 31. Rxg5+ Kf7 32. Ra5 Ke6
33. Rxa6+ Ke5 34. Rxa7 Kxe4 35. Ra5 Kf4 36. Rxh5 Kg3 37. Rg5+ Kf4 38. Rg4+ Ke3
39. a4 Ra2 40. h4 Ra1+ 41. Kh2 Kf2 42. h5 Rc1 43. h6 Rc6 44. Rf4+ Ke3 45. Rh4
Kf2 46. h7 Rg6 47. g4 1-0

[Event "Monarch Assurance IoM U175 15th"]
[Site "Port Erin IOM"]
[Date "2006.09.27"]
[Round "3"]
[White "Kearsley, Raymond J"]
[Black "Nicolson, James R"]
[Result "1/2-1/2"]
[WhiteElo "1640"]
[BlackElo "1656"]
[PlyCount "38"]
[EventDate "2006.09.25"]
[EventType "swiss"]
[EventRounds "7"]
[EventCountry "IOM"]

1. e4 c5 2. Nc3 Nc6 3. g3 g6 4. Bg2 Bg7 5. d3 d6 6. Be3 e5 7. Nge2 Nge7 8. Qd2
Nd4 9. O-O Bh3 10. Nd5 Bxg2 11. Kxg2 Nxd5 12. exd5 Nxe2 13. Qxe2 O-O 14. c4 f5
15. f4 Qd7 16. fxe5 Bxe5 17. Qd2 Rae8 18. Bh6 Bg7 19. Bxg7 Kxg7 1/2-1/2

[Event "Monarch Assurance IoM U175 15th"]
[Site "Port Erin IOM"]
[Date "2006.09.27"]
[Round "3"]
[White "McBride, John A"]
[Black "Smith, Paul S"]
[Result "1/2-1/2"]
[WhiteElo "1680"]
[BlackElo "1640"]
[PlyCount "75"]
[EventDate "2006.09.25"]
[EventType "swiss"]
[EventRounds "7"]
[EventCountry "IOM"]

1. d4 Nf6 2. c4 e6 3. Nc3 d5 4. Nf3 Nbd7 5. Bg5 Be7 6. Qc2 c6 7. e3 h6 8. Bh4
O-O 9. a3 a5 10. cxd5 exd5 11. Bd3 Ne8 12. Bg3 Ndf6 13. O-O Nh5 14. Ne5 Nxg3
15. hxg3 Bd6 16. f4 Bxe5 17. dxe5 Qe7 18. Rae1 f6 19. exf6 Nxf6 20. e4 Qc5+ 21.
Qf2 Qxf2+ 22. Rxf2 dxe4 23. Nxe4 Nxe4 24. Rxe4 Bf5 25. Bc4+ Kh8 26. Re1 b5 27.
Be6 Bxe6 28. Rxe6 Rac8 29. Rc2 Rf6 30. Re7 a4 31. Rd2 Kh7 32. Rdd7 Rg8 33. Kf2
h5 34. Re5 Kh6 35. Rc7 Rd8 36. Re2 Rg6 37. Rc2 Rdd6 38. Rc1 1/2-1/2

[Event "Monarch Assurance IoM U175 15th"]
[Site "Port Erin IOM"]
[Date "2006.09.27"]
[Round "3"]
[White "Price, Andrew"]
[Black "Foster, Stephen"]
[Result "1-0"]
[WhiteElo "1720"]
[BlackElo "1648"]
[PlyCount "71"]
[EventDate "2006.09.25"]
[EventType "swiss"]
[EventRounds "7"]
[EventCountry "IOM"]

1. e4 c5 2. f4 g6 3. Nf3 Bg7 4. Nc3 Nc6 5. d3 e6 6. Be2 Nge7 7. O-O a6 8. a4
O-O 9. Kh1 b6 10. Nd2 d5 11. Bf3 Nd4 12. Ne2 Nxf3 13. Rxf3 Bb7 14. Qf1 c4 15.
Qf2 cxd3 16. cxd3 Rc8 17. e5 d4 18. Nxd4 Bxf3 19. N2xf3 f6 20. Nxe6 Qxd3 21.
Nxf8 Rc2 22. Qg1 Bxf8 23. exf6 Nf5 24. Ne1 Qe2 25. Nxc2 Ng3+ 26. hxg3 Qh5+ 27.
Qh2 Qd1+ 28. Ne1 Bb4 29. Bd2 Qxa1 30. Qh6 Bf8 31. f7+ Kxf7 32. Qxh7+ Ke8 33.
Qxg6+ Kd8 34. Qxb6+ Ke8 35. Qe6+ Kd8 36. Ba5# 1-0

[Event "Monarch Assurance IoM U175 15th"]
[Site "Port Erin IOM"]
[Date "2006.09.28"]
[Round "4"]
[White "Beards, Christopher"]
[Black "Kearsley, Raymond J"]
[Result "0-1"]
[WhiteElo "1600"]
[BlackElo "1640"]
[PlyCount "102"]
[EventDate "2006.09.25"]
[EventType "swiss"]
[EventRounds "7"]
[EventCountry "IOM"]

1. e4 c5 2. Nc3 Nc6 3. g3 g6 4. Bg2 Bg7 5. d3 d6 6. Be3 e6 7. Qd2 Nd4 8. Nd1
Ne7 9. c3 Ndc6 10. Bh6 O-O 11. Bxg7 Kxg7 12. f4 f5 13. Nh3 d5 14. e5 Rb8 15.
O-O b5 16. d4 cxd4 17. cxd4 Qb6 18. Ndf2 Nxd4 19. Rac1 Bd7 20. Rfd1 Nec6 21.
Kf1 b4 22. Nd3 b3 23. a3 Nc2 24. Ke2 N6d4+ 25. Kf1 Bb5 26. Ng5 Rbc8 27. Bh1 h6
28. Nh3 Nc6 29. Ke2 Na5 30. Kf3 Nc4 31. Qf2 N4e3 32. Qd2 Ng4 33. Nb4 d4 34. Nd3
Bc6+ 35. Ke2 Bxh1 36. Rxh1 Qc6 37. Nhf2 Nge3 38. Rhg1 Qb7 39. g4 Nxg4 40. Nxg4
fxg4 41. Rxg4 Qe4+ 42. Kf2 Ne3 43. Rg3 Rc2 44. Rxc2 bxc2 45. Nc1 Qxf4+ 46. Rf3
Qxh2+ 47. Ke1 Qg1+ 48. Ke2 Qd1+ 49. Kd3 Qxf3 50. Qa5 Nd5+ 51. Kd2 Qe3+ 0-1

[Event "Monarch Assurance IoM U175 15th"]
[Site "Port Erin IOM"]
[Date "2006.09.28"]
[Round "4"]
[White "Couch, Douglas"]
[Black "Flanagan, Samuel"]
[Result "0-1"]
[WhiteElo "1152"]
[BlackElo "1520"]
[PlyCount "84"]
[EventDate "2006.09.25"]
[EventType "swiss"]
[EventRounds "7"]
[EventCountry "IOM"]

1. e4 d5 2. exd5 Qxd5 3. Nc3 Qa5 4. Nf3 Nf6 5. Be2 Bg4 6. O-O c6 7. Re1 e6 8.
a3 Be7 9. Na2 Nbd7 10. b4 Qc7 11. Bb2 O-O 12. c4 Rfe8 13. Nc3 a5 14. b5 c5 15.
d4 Bxf3 16. Bxf3 cxd4 17. Qxd4 Nc5 18. Qd1 Rad8 19. Qc2 Nd3 20. Red1 Nxb2 21.
Qxb2 Bd6 22. h3 Qxc4 23. Bxb7 Be5 24. Rxd8 Rxd8 25. Rc1 Qf4 26. g3 Qf5 27. Kg2
Bd4 28. Rd1 e5 29. f3 g6 30. g4 Qg5 31. Bc6 h5 32. Qc2 hxg4 33. fxg4 Nxg4 34.
hxg4 Qxg4+ 35. Kh1 Qh3+ 36. Qh2 Qxc3 37. Qh4 Rf8 38. Rf1 Qxa3 39. Rf3 Qa1+ 40.
Kh2 Qb2+ 41. Kh3 Qe2 42. Kg4 e4 0-1

[Event "Monarch Assurance IoM U175 15th"]
[Site "Port Erin IOM"]
[Date "2006.09.28"]
[Round "4"]
[White "Foster, Stephen"]
[Black "Dickson, David I"]
[Result "1-0"]
[WhiteElo "1648"]
[BlackElo "1216"]
[PlyCount "48"]
[EventDate "2006.09.25"]
[EventType "swiss"]
[EventRounds "7"]
[EventCountry "IOM"]

1. Nf3 c5 2. g3 d5 3. Bg2 Nc6 4. d3 e5 5. Nbd2 Be6 6. O-O Be7 7. e4 d4 8. Nc4
Bxc4 9. dxc4 h6 10. Ne1 Bd6 11. Nd3 Qe7 12. f4 exf4 13. Bxf4 Bxf4 14. Rxf4 Ne5
15. Nxe5 Qxe5 16. Rf5 Qc7 17. Qh5 Nf6 18. Rxc5 Qd6 19. Qe5+ Qxe5 20. Rxe5+ Kd7
21. Rd1 Kd6 22. Rb5 Nd7 23. Rxd4+ Ke7 24. Rxb7 a5 1-0

[Event "Monarch Assurance IoM U175 15th"]
[Site "Port Erin IOM"]
[Date "2006.09.28"]
[Round "4"]
[White "Heath, Jeffrey"]
[Black "Nicolson, James R"]
[Result "1/2-1/2"]
[WhiteElo "1688"]
[BlackElo "1656"]
[PlyCount "21"]
[EventDate "2006.09.25"]
[EventType "swiss"]
[EventRounds "7"]
[EventCountry "IOM"]

1. e4 c5 2. Nf3 Nf6 3. Nc3 d5 4. exd5 Nxd5 5. Nxd5 Qxd5 6. d4 e6 7. Be3 cxd4 8.
Bxd4 Nc6 9. a3 Nxd4 10. Qxd4 Qxd4 11. Nxd4 1/2-1/2

[Event "Monarch Assurance IoM U175 15th"]
[Site "Port Erin IOM"]
[Date "2006.09.28"]
[Round "4"]
[White "Kennedy, Philip J"]
[Black "Burton, Nick"]
[Result "0-1"]
[WhiteElo "1656"]
[BlackElo "1696"]
[PlyCount "110"]
[EventDate "2006.09.25"]
[EventType "swiss"]
[EventRounds "7"]
[EventCountry "IOM"]

1. Nf3 Nf6 2. g3 g6 3. Bg2 Bg7 4. O-O O-O 5. d3 d6 6. e4 c5 7. c3 Nc6 8. Nbd2
e5 9. a3 h6 10. b4 Be6 11. Re1 Nd7 12. Bb2 f5 13. d4 cxd4 14. cxd4 Nxd4 15.
Nxd4 exd4 16. exf5 Bxf5 17. Bxb7 Rb8 18. Bd5+ Kh7 19. Be6 Bxe6 20. Rxe6 Nc5 21.
bxc5 Rxb2 22. Rxd6 Qg5 23. Ne4 Qf5 24. Qe1 Re8 25. Qc1 Re2 26. Qf4 Qxf4 27.
gxf4 R2xe4 28. Rd7 Re1+ 29. Rxe1 Rxe1+ 30. Kg2 Rc1 31. Rc7 Rc3 32. Rxa7 Rxc5
33. Ra6 Rd5 34. Rc6 d3 35. Rc1 d2 36. Rd1 Bb2 37. a4 Bc1 38. Kf3 Ra5 39. Ke2
Rxa4 40. Rf1 Rxf4 41. Kd1 Kg7 42. Ke2 Re4+ 43. Kd1 Kf6 44. f3 Re3 45. f4 Kf5
46. h4 Re1+ 47. Rxe1 dxe1=Q+ 48. Kxe1 Bxf4 49. h5 g5 50. Kf2 Kg4 51. Kg2 Kxh5
52. Kh3 g4+ 53. Kg2 Kh4 54. Kh1 Kh3 55. Kg1 g3 0-1